00618nam a2200193 i 4500001001100000003000500011005001700016008004100033040002500074082001600099100002200115245003900137264013900176300002900315336002100344337002500365338002300390700001100413C2-0294891PPAK20180728030535.0090301s1995 my |||| ||||| | may d aPPAKbengcPPAKerda04a499.2222230 aSuwadji, eauthor10aMedan makna rasa dalam bahasa Jawa 1aPusat Pembinaan dan Pengembangan Bahasa Departemen Pendidikan dan Kebudayaan Jakarta : bDepartemen Pendidikan dan Kebudayaan , c1995 axii, 202 pages ; c21 cm 2rdacontentatext 2rdamediaaunmediated 2rdacarrieravolume eauthor